000 00462nam a2200169 a 4500
001 000038149
005 20201002031202.0
008 130319s2004 sp 000 0 spa d
020 _a8497333179
040 _aDO-SdBNP
_bspa
_cBNPHU
100 1 _aBiber, Adriana
_964511
245 1 0 _aCómo evitar el estrés /
_cBiber Adriana.
260 _aBarcelona :
_bFapa Ediciones,
_c2004.
300 _a62 p. ;
_c23 cm.
490 1 _aAutoayuda
830 0 _aAutoayuda
_955295
999 _c37639
_d37639